| 000 | 00000nam##2200000za#4500 |
| 001 | 9.632266 |
| 003 | CaOODSP |
| 005 | 20210624214726 |
| 007 | cr ||||||||||| |
| 008 | 150407|2005||||xxc|||||o f|0| 0 fre|d |
| 020 | |a0-662-70379-0 |
| 040 | |aCaOODSP|bfre |
| 043 | |an-cn--- |
| 086 | 1 |aT52-1/1-2005F-PDF |
| 110 | 1 |aCanada. |bTransports Canada. |
| 245 | 10|aInitiatives de planification des transports et d'intégration modale : |h[ressource électronique]|bappel de propositions - guide de candidat |
| 260 | |aOttawa - Ontario : |bTransports Canada |c2005. |
| 300 | |a19p.|bgraphiques, références, tableaux |
| 590 | |a10-05-Supp|b2010-07-20 |
| 691 | 07|aPolitique des transports|2gcpds |
| 691 | 07|aAppel d'offres|2gcpds |
| 775 | 08|tTransportation planning and modal integration initiatives : |w(CaOODSP)9.687826 |
| 776 | 0#|tInitiatives de planification des transports et d'intégration modale : |w(CaOODSP)9.683023 |
| 856 | 40|ahttp://publications.gc.ca|qPDF|s404 Ko|uhttps://publications.gc.ca/collections/Collection/T52-1-1-2005F.pdf |
| 986 | |aTP 14219 F |